Проектирование АСУ водогрейных котлов на базе TRACE MODE; Приборы и системы. Управление, контроль, диагностика; № 1

Podrobná bibliografie
Parent link:Приборы и системы. Управление, контроль, диагностика: научно-технический и производственный журнал.— , 2000-
№ 1.— 2002.— С. 75-77
Hlavní autor: Соловьёв В. А.
Další autoři: Суздорф В. И., Поповский А. В.
Jazyk:ruština
Vydáno: 2002
Edice:TRACE MOD в других отраслях промышленности
Témata:
Médium: MixedMaterials Kapitola
KOHA link:https://koha.lib.tpu.ru/cgi-bin/koha/opac-detail.pl?biblionumber=380944

MARC

LEADER 00000naa2a2200000 4500
001 380944
005 20231101062745.0
035 |a (RuTPU)RU\TPU\prd\2915 
090 |a 380944 
100 |a 20020409a2002 k y0rusy50 ca 
101 0 |a rus 
102 |a RU 
200 1 |a Проектирование АСУ водогрейных котлов на базе TRACE MODE  |f В. А. Соловьёв, В. И. Суздорф, А. В. Поповский 
225 1 |a TRACE MOD в других отраслях промышленности 
461 1 |0 (RuTPU)RU\TPU\prd\1687  |t Приборы и системы. Управление, контроль, диагностика  |o научно-технический и производственный журнал  |d 2000- 
463 1 |0 (RuTPU)RU\TPU\prd\2116  |t № 1  |v С. 75-77  |d 2002 
610 1 |a проектирование АСУ 
610 1 |a котлы 
610 1 |a АСУТП 
610 1 |a управление системами 
610 1 |a разработка систем 
700 1 |a Соловьёв  |b В. А. 
701 1 |a Суздорф  |b В. И. 
701 1 |a Поповский  |b А. В. 
801 1 |a RU  |b 63413507  |c 20020409  |g PSBO 
801 2 |a RU  |b 63413507  |c 20121008  |g PSBO 
942 |c BK